| 000 | 00338nam a22001337a 4500 | ||
|---|---|---|---|
| 999 |
_c251851 _d251850 |
||
| 020 | _a9780333598344 | ||
| 082 |
_aQA76 _b .D757 1997 |
||
| 100 | _aDriscoll, Terenceal | ||
| 245 | _aComputer Studies & Information Technology | ||
| 260 |
_aMalaysia _bMacmillan _c1997 |
||
| 300 |
_a391 _bill. |
||
| 490 | _aThe Motivate Series | ||
| 942 | _cBK | ||